Country Flags with Red - Statistics

General Stats
  • This quiz has been taken 132 times
  • The average score is 98 of 152
Answer Stats
Picture Answer % Correct
United Kingdom
96%
United States
96%
Australia
95%
Canada
95%
France
94%
New Zealand
93%
Russia
93%
Italy
92%
Japan
92%
South Korea
91%
Netherlands
89%
China
88%
Denmark
87%
Norway
86%
Iceland
84%
Switzerland
84%
Nepal
82%
Turkey
82%
Belgium
81%
Bulgaria
81%
Germany
81%
Hungary
81%
Lebanon
81%
Bangladesh
80%
Georgia
80%
Spain
80%
Mexico
79%
Vietnam
79%
Vatican City
78%
Albania
76%
Poland
76%
South Africa
76%
Kenya
74%
Austria
73%
Egypt
73%
Iraq
73%
Malta
73%
Indonesia
72%
Syria
72%
Tunisia
72%
Algeria
71%
Dominican Republic
71%
Malaysia
71%
Iran
69%
North Korea
69%
Singapore
69%
Azerbaijan
67%
Croatia
67%
Czechia
67%
Democratic Republic of the Congo
67%
Monaco
67%
Peru
67%
Cuba
66%
Macedonia
66%
Madagascar
66%
Panama
66%
Papua New Guinea
66%
Philippines
66%
Slovakia
66%
United Arab Emirates
66%
Cameroon
65%
Libya
65%
Serbia
65%
Slovenia
65%
Taiwan
65%
Thailand
65%
Uzbekistan
65%
Venezuela
65%
Yemen
65%
Chile
64%
Luxembourg
64%
Myanmar
64%
Romania
64%
Turkmenistan
64%
Cambodia
62%
Kuwait
62%
Belarus
61%
Burkina Faso
61%
Comoros
61%
Liberia
61%
Oman
61%
Portugal
61%
Trinidad and Tobago
61%
Bahrain
60%
Laos
60%
Malawi
60%
Maldives
60%
South Sudan
60%
Sudan
60%
Afghanistan
59%
Angola
59%
Colombia
59%
Eswatini
59%
Mauritania
59%
Morocco
59%
Qatar
59%
Seychelles
59%
Sri Lanka
59%
Tonga
59%
Ecuador
58%
Tajikistan
58%
Zimbabwe
58%
Antigua and Barbuda
56%
Ethiopia
56%
Guyana
56%
Liechtenstein
56%
Paraguay
56%
Uganda
56%
Andorra
55%
Brunei
55%
Chad
55%
Djibouti
55%
Burundi
54%
East Timor
54%
Equatorial Guinea
54%
Eritrea
54%
Haiti
54%
Latvia
54%
Lithuania
54%
Mozambique
54%
Namibia
54%
Rep. of the Congo
54%
Samoa
54%
Fiji
53%
Ghana
53%
Mongolia
53%
St. Kitts & Nevis
53%
Armenia
52%
Belize
52%
Cape Verde
52%
Costa Rica
52%
Dominica
52%
Kiribati
52%
Moldova
52%
Montenegro
52%
Senegal
52%
Mauritius
51%
Suriname
51%
Togo
51%
Vanuatu
51%
Guinea
49%
Kyrgyzstan
49%
Sao Tome & Principe
49%
Tuvalu
49%
Benin
48%
Central African Republic
48%
Grenada
48%
Mali
48%
Zambia
48%
Bolivia
47%
Gambia
46%
Guinea-Bissau
46%
No matching quizzes found
Score Distribution
Percent of People with Each Score
Percentile by Number Answered
Your Score History
You have not taken this quiz